01870nam2a22002531 4500001001500000005001700015035002600032100004100058101001300099102000700112105001800119200007400137210001100211215002500222423016700247461101600414540005101430700003001481801001801511801002201529801002701551852002001578852001801598v19\rc\194328620251118180845.5 a(NLR Aleph) 005029310 a20080428d1913 u y0rusy50 ca1 aruscger aRU aa z |||||1 a[Введение в народоведение]fЛаш Рихард d[1913] aVIII, 200 с.cил. 011011#$arus$cger12001#$a[Америка]$fКригеберг В.15401#$aАмерика1700#1$aКригеберг$bВ.t[Америка]aКригеберг, В. 01001v19\rc\194328512001#$aИллюстрированное народоведение при участии А. Биган (Северная Центральная и Западная Азия), В. Кригеберг (Америка), Р. Лаш (введение), проф. В. Лушан (Африка), проф. В. Фольц (Южная и Восточная Азия)$fГ. Бушан$gПер. с нем. и ред. Н. Березина. Вып. 1-$vВып. 11700#1$aБушан$bГ.$f1863-1942$gГеоргaБушан, Г. (1863-1942)cСанкт-Петербургd[1913]fГ. Бушанn"Прометей" Н.Н. МихайловаtИллюстрированное народоведение при участии А. Биган (Северная Центральная и Западная Азия), В. Кригеберг (Америка), Р. Лаш (введение), проф. В. Лушан (Африка), проф. В. Фольц (Южная и Восточная Азия)vВып. 11 aВведение в народоведение 1aЛашbР.gРихард 0aRUbNLRgpsbo 0aRUbRuMoRGB2psbo 1aRUbProSoft-M2rusmarc aNLRj37.45.4.35 aNLRj133/3626